| 000 | 01974cam a2200373 4500 | ||
|---|---|---|---|
| 001 | ABS67268 | ||
| 008 | 031124n2003 000 0 eng u | ||
| 035 | _a(Sirsi) u124444 | ||
| 100 | _aDriscoll, J. | ||
| 245 | 4 | _aThe blocks are off for leaseholders | |
| 260 | _c2003 | ||
| 490 |
_aEstates Gazette _v(0343) 25 October 2003, 129-131(3) |
||
| 520 | _aFocuses on the enactment of a no-fault-based Right To Manage (RTM) for qualifying leaseholders of flats under the Commonhold and Leasehold Reform Act 2002 Part II, which came into force in England on 30 September 2003. Sets out the qualifying rules for buildings and tenants. Examines the procedures to be followed by leaseholders seeking to exercise their RTM, the responsibilities of the RTM company, the position vis-à-vis management contracts taken out by the landlord, the statutory functions applying to RTM companies, the issue of landlords' contributions to service charges and the several ways in which RTMs could come to an end. | ||
| 590 | _aABS | ||
| 650 | _aLANDLORDS | ||
| 650 | _aMANAGEMENT CONTRACTS | ||
| 650 | _aSERVICE CHARGES | ||
| 650 | _aCOMMONHOLD AND LEASEHOLD REFORM ACT 2002 S93 | ||
| 650 | _aCOMMONHOLD AND LEASEHOLD REFORM ACT 2002 S94 | ||
| 650 | _aCOMMONHOLD AND LEASEHOLD REFORM ACT 2002 SS98-99 | ||
| 650 | _aCOMMONHOLD AND LEASEHOLD REFORM ACT 2002 SCHED 7 | ||
| 650 | _aLANDLORD AND TENANT ACT 1927 S19 | ||
| 650 | _aDEFECTIVE PREMISES ACT 1972 | ||
| 650 | _aCOMMONHOLD AND LEASEHOLD REFORM ACT 2002 SS 75-77 | ||
| 650 | _aCOMMONHOLD AND LEASEHOLD REFORM ACT 2002 SCHED 6 | ||
| 650 | _aCOMMONHOLD AND LEASEHOLD REFORM ACT 2002 | ||
| 650 | _aRIGHT TO MANAGE | ||
| 650 | _aCOMMONHOLD AND LEASEHOLD REFORM ACT 2002 PART II | ||
| 650 | _aCOMMONHOLD AND LEASEHOLD REFORM ACT 2002 SS79-81 | ||
| 650 | _aLANDLORD AND TENANT ACT 1987 PART II | ||
| 650 | _aLANDLORD AND TENANT ACT 1985 SS18-30 | ||
| 690 | _aLANDLORD AND TENANT-LEASEHOLD REFORM | ||
| 942 | _n0 | ||
| 999 |
_c73841 _d73841 |
||